• 首页
  • 本馆介绍
  • 公告通知
  • 最新文献
  • 馆藏检索
  • 电子资源
  • 读者导购
  • 参考咨询
  • 我的图书馆
  • 登录
  • 详细信息显示
  • 放入我的书架
  • 预约/预借图书
  • 作者相关作品
  • 分类相关作品
  • 丛书相关作品
  • 出版社相关作品

书目信息

  • 表格格式
  • 工作单格式
  • 卡片格式
题名:
保险中介理论与实务
    
 
作者: 崔惠贤 编著
分册:  
出版信息: 北京   清华大学出版社  2010
页数: 338页
开本: 23cm
丛书名:
单 册:
中图分类: F842.4
科图分类:
主题词: 保险业--中介组织--中国--高等学校--教材 , 保险业 , 中介组织
电子资源:
ISBN: 978-7-81123-850-1
000 00968nam0 2200265 45
001 1050862156
005 20100415171056.12
010    @a978-7-81123-850-1@dCNY32.00
100    @a20100409d2010 em y0chiy50 ea
101 0  @achi
102    @aCN@b110000
105    @ay z 000yy
106    @ar
200 1  @a保险中介理论与实务@ABao Xian Zhong Jie Li Lun Yu Shi Wu@f崔惠贤编著@FCui Hui Xian Bian Zhu
210    @a北京@c清华大学出版社@c北京交通大学出版社@d2010
215    @a338页@d23cm
300    @a高等学校保险学专业系列教材/刘金章主编
330    @a本书理论篇和实务篇两部分组成。理论篇对保险中介的基本理论问题进行了系统阐述,实务篇分别对三大保险中介的资格认定、市场准人与退出、经营范围、业务流程、执业规范等进行了阐述。
606 0  @a保险业@x中介组织@y中国@x高等学校@j教材
606 0  @a保险业
606 0  @a中介组织
690    @aF842.4@v4
701  0 @a崔惠贤@ACui Hui Xian@g(女)@4编著
801  0 @aCN@bTANGWEI@c20100415
905    @b0591189-92@dF842.4@e60@f4
    
    保险中介理论与实务/崔惠贤编著.-北京:清华大学出版社:北京交通大学出版社,2010
    338页;23cm
    高等学校保险学专业系列教材/刘金章主编
    
    ISBN 978-7-81123-850-1:CNY32.00
    本书理论篇和实务篇两部分组成。理论篇对保险中介的基本理论问题进行了系统阐述,实务篇分别对三大保险中介的资格认定、市场准人与退出、经营范围、业务流程、执业规范等进行了阐述。
●
相关链接 在E读中查询图书 在五车中查询图书 在当当中查询图书 在豆瓣中查询图书


正题名:保险中介理论与实务     索取号:F842.4/60         预约/预借

序号 登录号 条形码 馆藏地/架位号 状态 备注
1 0591189   205911897   第一样本阅览室/ [索取号:F842.4/60] 在馆    
2 0591190   205911904   密集书库-海洋学院/ [索取号:F842.4/60] 在馆    
3 0591191   205911913   第一借阅区/ [索取号:F842.4/60] 在馆    
4 0591192   205911922   第一借阅区/ [索取号:F842.4/60] 在馆    
唐山师范学院图书馆 欢迎您!
大连网信软件有限公司© 版权所有